Les plus grandes villes du bassin de la mer Baltique sur une carte - Statistiques

Statistiques générales
  • Ce quiz a été pris 636 fois
  • Le résultat moyen est 13 sur 20
Réponses sur la Carte
Les réponses sont colorées sur une échelle allant du rouge au vert en fonction du pourcentage des utilisateurs qui les ont devinées à leur premier essai. Vous pouvez retrouver ces pourcentages ci-dessous.
 
Statistiques - réponses
Population Pays Ville % Correct
1 767 100 Suède Stockholm
98%
1 345 600 Danemark Copenhague
97%
1 860 300 Pologne Varsovie
97%
1 340 400 Finlande Helsinki
96%
5 600 900 Russie Saint-Petersbourg
96%
663 000 Lettonie Riga
94%
439 600 Estonie Tallinn
92%
546 200 Lituanie Vilnius
92%
800 700 Pologne Cracovie
86%
486 000 Pologne Gdansk
73%
490 400 Russie Kaliningrad
69%
655 400 Suède Göteborg
66%
717 300 Ukraine Lviv
51%
670 600 Pologne Lodz
50%
546 900 Pologne Poznan
39%
672 900 Pologne Wroclaw
39%
353 700 Finlande Tampere
35%
396 200 Pologne Szczecin
26%
359 100 Biélorussie Vitebsk
13%
358 700 Biélorussie Hrodna
12%
Aucun quiz correspondant
Distribution des résultats
% des personnes avec chaque résultat
Percentile par nombre de réponses
Votre historique - résultats
Vous n’avez pas pris ce quiz